000 00974nas a2200313 4500
001 BR2012007020
003 BR-BrBNA
005 20231205121235.0
007 ta
008 230509b bl.|||p| |||| 00| 00por d
040 _aBR-BrBNA
_bpor
_cBiblioteca Nacional de Agricultura
041 _a(Pt)
072 _aF01; F04
100 1 _aBackes, C.
100 1 _aFernandes, F.M.
100 1 _aKrohn, N.G.
100 1 _aLima, C.P.
100 1 _aKiihl, T.A.M.
245 1 _aProdução de pimenta ornamental em função de substratos e doses de adubação com fertilizantes de liberação lenta e tradicional
650 _aPRODUÇÃO VEGETAL
650 _aPLANTA ORNAMENTAL
650 _aPIMENTA
650 _aCOMPOSTO ORGÂNICO
650 _aSUBSTRATO
650 _aFERTILIZANTE
773 0 _tScientia Agraria Paranaensis (Brazil)
_xISSN 1677-4310
_g(2007), v. 6(1-2) p. 67-76
_wBR2012007020
909 _a202311
_bLúcia
_c55
_dLúcia Elande
942 _2AGRIS
_n0
_cANA
999 _c222506
_d222506